| 000 | 01079cam a2200313 i 4500 | ||
|---|---|---|---|
| 001 | 55516 | ||
| 003 | Mx-PuUPA | ||
| 005 | 20220421081355.0 | ||
| 008 | 140415s2000 mx r 000 0 spa d | ||
| 020 | _a9706810285 | ||
| 040 |
_aMX-PuUPA _bspa _erda _cMx-PuUPA _dMx-PuUPA |
||
| 041 | 0 | _aspa | |
| 245 | 0 | 0 |
_aLa salud en el trabajo / _ceditores Manuel Barquín Calderón, Ernesto Kahan, Leonardo Szpirman †, Juan Antonio Legaspi Velasco. |
| 250 | _aPrimera edición | ||
| 264 | 1 |
_aMéxico D. F. : _bJGH Editores, _c2000 |
|
| 300 |
_axxvi,440 páginas ; _c24 cm. |
||
| 336 |
_atexto _2rdacontent _btxt |
||
| 337 |
_asin mediación _2rdamedia _bn |
||
| 338 |
_avolumen _2rdacarrier _bnc |
||
| 650 | 7 |
_aHigiene industrial _2armarc |
|
| 650 | 4 | _aMedicina industrial | |
| 700 | 1 |
_aBarquín Calderón, Manuel, _eeditor _91708 |
|
| 700 | 1 |
_aKahan, Ernesto, _eeditor |
|
| 700 | 1 |
_aSzpirman†, Leonardo, _eeditor |
|
| 700 | 1 |
_aLegaspi Velasco, Juan Antonio, _eeditor |
|
| 942 |
_2ddc _cLI _h613.62 _iSAL |
||
| 999 |
_c55516 _d55516 |
||